Słownik geograficzny #5 - Statystyki

Ogólne statystyki
  • Ten quiz został rozwiązany 38 razy
  • Średni wynik to 7 z 15
Statystyki odpowiedzi
Pojęcie Definicja % Poprawnych
Zima Jedna z klimatycznych pór roku w Polsce, wyróżniana w każdym wariancie (6 i 8 klimatycznych pór roku), jako obejmująca okres o średnich dobowych temperaturach poniżej 0°C.
100%
Stolica Miasto w państwie, które z określonych powodów pełni szczególną rolę siedziby władz tego państwa. Najczęściej największe miasto kraju (choć nie jest to regułą).
72%
Susza Jest zjawiskiem hydrologicznym, ale wywołują ją procesy meteorologiczne. Oznacza długotrwały brak opadów lub bardzo znaczące zmniejszenie ich ilości.
69%
Kartografia Jedna z nauk technicznych, zajmująca się tworzeniem i użytkowaniem map. W geografii ma charakter nauki pomocniczej, ale jej znaczenie jest kluczowe dla całej geografii. Odpowiada za tworzenie map, przedstawiających wszelkie zjawiska geograficzne.
66%
Zwrotnik Jeden ze szczególnych równoleżników o położeniu 23°26’N lub 23°26’S. Wyznacza północną i południową granicę strefy międzyzwrotnikowej, w której słońce może górować pod kątem 90°.
66%
Trzęsienie ziemi Drgania skorupy ziemskiej, których przyczyną jest powstawanie naprężeń skorupy ziemskiej, a następnie ich rozładowywanie przez uwolnienie olbrzymiej energii w postaci fal sejsmicznych.
63%
Urbanizacja Proces rozwoju miast, zachodzący na kilku płaszczyznach i w różnych fazach. Zasadniczo polega na przekształcaniu wsi w miasta oraz rozroście miast istniejących.
63%
Lądolód Wielki (liczony w tysiącach kilometrów kwadratowych) obszar lodu o dużej grubości (mierzonej nawet w kilometrach), występujący na lądach.
47%
Usługi Trzeci sektor gospodarczy, obejmuje działalność prowadzącą do powstawania indywidualnych, niepowtarzalnych dóbr przeznaczonych dla konkretnego odbiorcy, których konsumpcja ma charakter natychmiastowy, a magazynowanie jest bezcelowe lub niemożliwe. Obejmuje zarówno towary jak i dobra niematerialne.
44%
Szadź Osad atmosferyczny w postaci lodowych szczotek na przedmiotach, zwłaszcza na drzewach. Powstaje w czasie silnych mrozów, podczas mgły (napływ wilgotnego powietrza). Mgła w ujemnej temperaturze osadza się na drzewach, liniach energetycznych itp.
34%
Tundra Jedna ze stref klimatyczno-roślinnych, obejmuje obszar dalekiej północny Kanady i Eurazji, ponadto występuje na Alasce, Grenlandii i Islandii, niemal wyłącznie na półkuli północnej. Dominuje tu klimat okołobiegunowy subpolarny, z bardzo krótkim i chłodnym “latem” oraz długą i bardzo mroźną zimą.
34%
Soja Roślina alimentacyjna i przemysłowa należąca do strączkowych (i oleistych) o szerokim zastosowaniu. Ma niewielkie wymagania klimatyczne (choć nie toleruje przymrozków), ale dość duże wymagania glebowe. Cieszy się dużą popularnością jako roślina genetycznie modyfikowana. Światowa produkcja w 2018 r. wyniosła 356 mln ton.
28%
Stok Pochylona powierzchnia terenu, dotyczy zwłaszcza form wypukłych takich jak góry lub wzniesienia.
22%
Układ planetarny System, w którym planety i inne ciała niebieskie krążą wokół gwiazdy.
13%
Żyzność Naturalna zdolność gleby do zaspokojenia potrzeb życiowych (wody, powietrza, składników pokarmowych) porastającej ją roślinności.
13%
Nie znaleziono quizów pasujących do podanych kryteriów
Rozkład punktacji
Procent ludzi z każdym wynikiem
Percentyl według liczby udzielonych odpowiedzi
Twoja historia wyników
Nie rozwiązałeś tego quizu